Frontières européennes par années - Statistiques

Statistiques générales
  • Ce quiz a été pris 34 fois
  • Le résultat moyen est 5 sur 10
Statistiques - réponses
Par images Réponse % Correct
1871-1914
93%
1941-1942
79%
1955-1989
72%
2014-
72%
1812
59%
274-395
48%
1789
45%
843-848
34%
1000
17%
1189-1192
3%
Aucun quiz correspondant
Distribution des résultats
% des personnes avec chaque résultat
Percentile par nombre de réponses
Votre historique - résultats
Vous n’avez pas pris ce quiz